| 000 | 00000nam 2200000za 4500 |
| 001 | 9.529337 |
| 003 | CaOODSP |
| 005 | 20200327094936 |
| 007 | ta |
| 008 | 150406s1997 oncd f000 0 fre d |
| 020 | |a0-662-63206-0|z0-662-25926-2 |
| 040 | |aCaOODSP|bfre |
| 041 | |aeng |
| 041 | |afre |
| 043 | |an-cn--- |
| 086 | 1 |aEn56-119/1-1997-1 |
| 110 | 1 |aCanada. |bEnvironnement Canada. |
| 245 | 10|aSommaire des provinces des prairies |
| 260 | |aOttawa - Ontario : |bEnvironnement Canada |c1997. |
| 300 | |aTexte français, 10p. : |bfigure, graphiques, ill. ; |c28 cm. |
| 490 | 1 |aÉtude Pan-canadienne |
| 546 | |aBilingue. Bilingue |
| 563 | |aCouverture souple |
| 590 | |a97-49|b1997-12-05 |
| 691 | 07|aClimat|2gcpds |
| 776 | 0#|tCanadian Prairies summary|w(CaOODSP)9.574595 |
| 776 | 0#|tSommaire des provinces des Prairies|w(CaOODSP)9.604336 |
| 791 | |tCanadian prairies summary|eeng|w(CaOODSP)9.529336 |
| 830 | #0|aL'étude pan-canadienne.|w(CaOODSP)9.509289 |